| 000 | 00498nam a2200169Ia 4500 | ||
|---|---|---|---|
| 999 |
_c12572 _d12572 |
||
| 003 | OSt | ||
| 005 | 20201110093746.0 | ||
| 008 | 190216s9999||||xx |||||||||||||| ||und|| | ||
| 040 | _coclc | ||
| 082 |
_a635.8 _bMAN/G |
||
| 100 |
_aMantel, E F K _96362 |
||
| 245 | 0 |
_aA Guide To Mushroom Cultivation / _cE F K Mantel |
|
| 260 |
_bHimachal Pradesh University, _c1972. _aSolan: |
||
| 300 | _a23p | ||
| 650 | _aEnglish Literature | ||
| 942 |
_cBK _2ddc _h635.8 _iMAN/G _k635.8 _mMAN/G |
||